000 01144nam a2200241 a 4500
001 000389874
003 AM-YeHGA
005 20250618072333.0
008 041201s1990 ||| r 000 0 rus d
020 _a5808001668
040 _aAM-YeHGA
041 0 _arus
100 1 _aԱլեքսանյան, Ռուբեն Արշակի,
_d1920-
_92394
245 1 0 _aКоронароактивные гормоны инсулярного аппарата /
_cР.А. Алексанян; АН АрмССР. Ин-т тон. орган. химии им. А.Л. Мнджояна.
246 1 5 _aՍրտի պսակաձև անոթները լայնացնող ինսուլինային ապարատի հորմոններ
260 _aЕреван :
_bИзд-во АН АрмССР,
_c1990.
300 _a117 с. :
_bил.
504 _aБиблиогр.: с. 105-114
650 1 4 _aСердечно-сосудистая система при сахарном диабете
650 1 4 _aМиокард
_xКровообращение
_xРоль поджелудочной железы
650 1 4 _aДиабет сахарный
_xКлиника
090 _c149435
999 _c148048
_d148048